MotoGP - Helmets and leather suits by riders - Statistics

General Stats
  • This quiz has been taken 29 times
    7 since last reset
  • The average score is 19 of 44
Answer Stats
Rider Answer % Correct
Marc Márquez Alpinestars
80%
Pecco Bagnaia Alpinestars
80%
Álex Márquez Alpinestars
80%
Jorge Martín Alpinestars
80%
Pedro Acosta Alpinestars
80%
Maverick Viñales Alpinestars
80%
Fabia Quartararo Alpinestars
80%
Franco Morbidelli Dainese
80%
Marco Bezzecchi Dainese
80%
Marc Márquez Shoei
80%
Marco Bezzecchi AGV
60%
Diogo Moreira Alpinestars
60%
Fermín Aldeguer Dainese
60%
Luca Marini Dainese
60%
Joan Mir Dainese
60%
Fabio Quartararo HJC
60%
Franco Morbidelli AGV
40%
Luca Marini AGV
40%
Fabio Di Giannantonio Alpinestars
40%
Jorge Martín Alpinestars
40%
Enea Bastianini Alpinestars
40%
Jack Miller Alpinestars
40%
Toprak Razgatlıoğlu Alpinestars
40%
Ai Ogura Arai
40%
Maverick Viñales Arai
40%
Álex Márquez Shoei
40%
Fabio Di Giannantonio Shoei
40%
Pedro Acosta Alpinestars
20%
Jack Miller Alpinestars
20%
Johann Zarco Furygan
20%
Brad Binder HJC
20%
Brad Binder Ixon
20%
Álex Rins Ixon
20%
Joan Mir Kabuto
20%
Ai Ogura Kushitani
20%
Enea Bastianini KYT
20%
Diogo Moreira KYT
20%
Fermín Aldeguer LS2
20%
Raúl Fernández REV'IT!
20%
Álex Rins Scorpion
20%
Raúl Fernández Shark
20%
Johann Zarco Shark
20%
Toprak Razgatlıoğlu Shoei
20%
Pecco Bagnaia Suomy
20%
No matching quizzes found
Score Distribution
Percent of People with Each Score
Percentile by Number Answered
Your Score History
You have not taken this quiz since the last reset